Un hombre llamado Gabito (Registro nro. 17784)

Detalles MARC
000 -LDR (LÍDER)
Campo de control de longitud fija 01721nam a2200337 a 4500
003 - IDENTIFICADOR DEL NÚMERO DE CONTROL
Campo de control CO-PeBPR
005 - FECHA Y HORA DE LA ÚLTIMA TRANSACCIÓN
Campo de control 20260424132625.0
008 - ELEMENTOS DE DATOS DE LONGITUD FIJA--INFORMACIÓN GENERAL
Campo de control de longitud fija 260415e2024 ck a|||| n||| 00| 0 spa c
020 ## - Código Internacional normalizado para libros
Código Internacional normalizado para libros 9786287589537
040 0# - FUENTE DE CATALOGACIÓN
Agencia catalogadora original CO-PeBPR
Idioma de la agencia catalogadora spa
Agencia que transcribe CO-PeBPR
Norma para la descripción rda
041 0# - Código del Idioma
Código idioma del recurso original spa
082 04 - NÚMERO DE CLASIFICACIÓN DECIMAL DEWEY
Número de clasificación (i) 741.5 N218h
100 1# - ASIENTO PRINCIPAL--NOMBRE PERSONAL
Nombre personal Naranjo, John
Términos de relación autor
245 10 - MENCIÓN DE TÍTULO
Título propiamente dicho Un hombre llamado Gabito
Mención de responsabilidad / John Naranjo ; ilustraciones de Gisela Bohórquez
250 ## - MENCIÓN DE EDICIÓN
Mención de edición Primera edición
264 #1 - Área de la Producción Publicación, Distribución, Manufactura, etc.
Lugar de publicación, distribución, etc. Bogotá, Colombia
Nombre de la editorial, distribuidor, etc. : Rey Naranjo Editores
Fecha de publicación, distribución, etc. , 2024
300 ## - DESCRIPCIÓN FÍSICA
Extensión [32] páginas sin numerar
Otros detalles físicos : ilustraciones a color
Dimensiones ; 27 centímetros
336 ## - Tipo de Contenido
Tipo de contenido texto
Código de tipo de contenido txt
Fuente rdacontenido
337 ## - Tipo de Medio
Tipo de Medio sin mediación
Código de tipo de medio n
Fuente rdamedio
338 ## - Tipo de Soporte
Tipo de soporte volumen
Código de tipo de soporte nc
Fuente rdasoporte
490 ## - MENCIÓN DE SERIE
Título de la serie Plan Nacional de Lectura, Escritura y Oralidad / Ministerio de las Culturas, las Artes y los Saberes
500 ## - NOTA GENERAL
Nota general Incluye glosario.
520 ## - NOTA DE RESUMEN, ETC.
Nota de sumario De Aracataca a Estocolmo pasando por Bogotá, París y Ciudad de México, un hombre con ojos de niño e imaginación de genio deleita al mundo con la prosa más hermosa que se ha escrito en los últimos tiempos. Su origen un país llamado Colombia. Su nombre: Gabriel García Márquez, a quien todos sus queridos llamaban Gabito... Tomado de la contracubierta del libro.
521 ## - NOTA DE AUDIENCIA
Nota de audiencia Recomendado para 7 a 12 años
600 14 - ASIENTO SECUNDARIO DE MATERIA - NOMBRE PERSONAL
Fuente del encabezado o término LEMB
Nombre personal García Márquez, Gabriel
Fechas asociadas al nombre 1928-2014
Subdivisión general Literatura infantil
650 14 - ASIENTO SECUNDARIO DE MATERIA - TÉRMINO TEMÁTICO
Fuente del encabezado o término LEMB
Encabezamiento temático Literatura infantil colombiana
Subdivisión cronológica Siglo XX
Subdivisión de forma Biografías
650 14 - ASIENTO SECUNDARIO DE MATERIA - TÉRMINO TEMÁTICO
Fuente del encabezado o término LEMB
Encabezamiento temático Escritores colombianos
Subdivisión general Literatura infantil
Subdivisión cronológica Siglo XX
Subdivisión de forma Biografías
650 14 - ASIENTO SECUNDARIO DE MATERIA - TÉRMINO TEMÁTICO
Fuente del encabezado o término LEMB
Encabezamiento temático Autores colombianos
Subdivisión general Literatura infantil
Subdivisión cronológica Siglo XX
Subdivisión de forma Biografías
700 1# - ASIENTO SECUNDARIO - NOMBRE PERSONAL
Nombre personal Bohórquez Malaver, Gisela
Término de relación, rol en la obra ilustradora
942 ## - ENTRADA DE ELEMENTOS AGREGADOS (KOHA
Fuente de clasificación o esquema de estantería. Dewey Decimal Classification
Tipo de ítem Literatura Infantil
Existencias
Estado de pérdida Fuente del sistema de clasificación o colocación Estado de daño No disponible para préstamo Colección Biblioteca de origen Biblioteca actual Ubicación en estantería Signatura topográfica completa Ejemplar Código de barras Tipo de ítem Fecha de adquisición Fuente de adquisición Total de pagos Fecha de la última vez visto
  Dewey Decimal Classification     Infantil Sala de Patrimonio Bibliográfico y Documental - Biblioteca Departamental Sala de Patrimonio Bibliográfico y Documental - Biblioteca Departamental Área Infantil (i) 741.5 N218h Ej.1 RIBPD16101 Literatura Infantil 24/04/2026 Dotación MinCultura y BNC   24/04/2026